[Event "FRA-ch Youth U18 2018"]
[Site "Agen"]
[Date "2018.04.16"]
[Round "2"]
[White "Mohammad, Fahim"]
[Black "Ouchichi, Ilies"]
[Result "1-0"]
[WhiteElo "2355"]
[BlackElo "2005"]
[Annotator "TA"]
[PlyCount "69"]
[EventDate "2018.??.??"]
[EventType "swiss"]
[EventCountry "FRA"]
[SourceTitle "playchess.com"]
[Source "ChessBase"]
[SourceQuality "1"]

{[%evp 12,69,22,-6,0,-12,-22,-51,-61,-95,-103,-147,-151,-140,-144,-139,-114,-92,-113,-104,-123,-111,-119,-103,-111,-131,-17,-108,223,198,218,-24,383,384,370,371,445,472,562,541,535,248,250,237,255,258,476,476,627,611,816,647,958,847,1459,777,1032,985,29998,29999]} 1. Nf3 Nf6 2. c4 c6 3. b3 d5 4. Bb2 e6 5. e3 Nbd7 6. Qc2 {A06: Réti Opening:1 Nf3 d5} (6. Be2 Bd6 7. Nc3 O-O 8. Qc2 dxc4 9. bxc4 e5 10. O-O Re8 11. d3 Nc5 12. d4 exd4 13. exd4 Ne6 14. Rfe1 Bd7 15. Bf1 Qa5 16. c5 {1-0 (74) Socko,B (2631)-Khairullin,I (2632) Khanty-Mansiysk 2012}) 6... Bd6 7. g4 {LiveBook: 5 Games} h6 8. Rg1 {The position is equal.} e5 {[%cal Be6e5,Be5e4][%mdl 32]} 9. cxd5 $146 ({Predecessor:} 9. Be2 e4 10. Nd4 Bxh2 11. Rh1 Be5 12. Nc3 {1-0 (35) Lopez,D (2133)-Escudero,J (1680) Buenos Aires 2013}) 9... cxd5 10. d4 {[%cal Rd4e5]} e4 11. Nfd2 Bxh2 12. Rg2 Bd6 13. Nc3 a6 14. g5 hxg5 15. Rxg5 Nb6 16. Rxg7 Be6 17. O-O-O Rc8 18. Kb1 Ng4 (18... Kf8 $1 $17 {[%cal Rf8g7]} 19. Rg1 Ng4) 19. Be2 (19. Ndxe4 $1 $11 dxe4 20. Rxg4 $1 {[%mdl 512]} Rxc3 21. Bxc3 Bxg4 22. Qxe4+ Be6 23. Qxb7) 19... Qh4 $2 {[%mdl 8192]} (19... Nxf2 $17 {stays on course.} 20. Rdg1 Qf6) 20. Bxg4 $1 $18 Bxg4 {[#]} 21. Rg1 $2 (21. Ndxe4 $1 $18 {[%mdl 512]} Be7 (21... dxe4 22. Qxe4+) 22. Rg1) 21... Be2 $2 {[%mdl 8192]} (21... Be6 $11) 22. Ndxe4 $1 dxe4 23. Qxe2 Bb4 24. R7g4 Qh7 25. Nxe4 {[%cal Bc3e4,Be4g5,Bg5e6,Be6f4][%mdl 32]} Nd5 {If Black can now play ...Nf6 this consolidates a bit.} 26. Ka1 (26. Qf3 $142) 26... f5 27. Ng5 Qh5 28. Qf3 $1 {[%csl LRd5,LRf5]} fxg4 $2 (28... Ne7) 29. Qxd5 Be7 30. Qxb7 Rd8 31. Ne6 {Threatens to win with Ng7+.} Qh2 32. Rc1 Rb8 33. Qc6+ Kf7 34. Nf4 {Intending Qg6+ and mate.} Rbc8 35. Qg6+ {Precision: White = 39%, Black = 32%.} 1-0

[Event "FRA-ch Youth U18 2018"]
[Site "Agen"]
[Date "2018.04.16"]
[Round "2"]
[White "Lomandong, Noela-Joyce"]
[Black "Bruneau, Maylis"]
[Result "1-0"]
[WhiteElo "2053"]
[BlackElo "1700"]
[Annotator "NA RC"]
[PlyCount "63"]
[EventDate "2018.??.??"]
[EventType "swiss"]
[EventCountry "FRA"]
[SourceTitle "playchess.com"]
[Source "ChessBase"]
[SourceQuality "1"]
[TimeControl "5400+30"]

{[%evp 15,61,0,34,13,40,16,32767,32767,32767,32767,-20,32767,0,0,32767,32767,32767,0,2,0,32767,32767,32767,32767,32767,32767,32767,49,31,32767,83,78,92,32767,51,51,100,81,32767,32767,32767,32767,117,73,469,467,533,625]} 1. g3 {[%emt 0:00:39]} c5 {[%emt 0:00:17]} 2. Bg2 {[%emt 0:00:15]} Nc6 {[%emt 0:00:25]} 3. e4 {[%emt 0:04:19]} g6 {[%emt 0:01:13]} 4. c3 {[%emt 0:00:25]} Bg7 {[%emt 0:02:36]} 5. f4 {[%emt 0:00:13]} d6 {[%emt 0:03:29]} 6. Nf3 {[%emt 0:00:37]} Nf6 {[%emt 0:00:40]} 7. d3 {[%emt 0:00:06]} O-O {[%emt 0:02:53]} 8. O-O {[%emt 0:01:40] LiveBook: 123 Games} Qb6 {[%emt 0:09:30] B20: Sicilian: Unusual White 2nd moves} (8... e5 9. Na3 exf4 10. Bxf4 d5 11. Nb5 dxe4 12. dxe4 Bg4 13. Qc2 Qa5 14. a4 a6 15. Bc7 b6 16. Nd6 c4 {0-1 (49) Jakubiec,A (2513)-Shengelia,D (2554) Czech Republic 2016}) 9. Nbd2 {[%emt 0:11:48]} Bd7 {[%emt 0:14:04]} 10. h3 {[%emt 0:02:46]} Qc7 {[%emt 0:02:04]} 11. Nh4 $146 {[%emt 0:01:45]} ({Predecessor:} 11. Qe1 e5 12. Nh4 exf4 13. gxf4 Rae8 14. Rf3 b5 15. Nf1 c4 16. Ng3 Re7 17. d4 Nxe4 18. Nxe4 {0-1 (40) Viennot,K (1770)-Lagunes,J (2096) St Chely d'Aubrac 2009}) 11... b5 {[%emt 0:08:32]} 12. g4 {[%emt 0:04:37]} Rab8 {[%emt 0:10:11]} 13. Ndf3 {[%emt 0:09:23]} c4 {[%emt 0:03:25] [#]} 14. e5 $1 {[%emt 0:25:04]} dxe5 {[%emt 0:07:02]} 15. fxe5 {[%emt 0:00:05]} Nxe5 {[%emt 0:13:29]} 16. Nxe5 {[%emt 0:01:00]} Qxe5 {[%emt 0:00:06]} 17. Bf4 {[%emt 0:02:07]} Qc5+ {[%emt 0:00:11]} 18. d4 {[%emt 0:00:19]} Qb6 {[%emt 0:00:18]} 19. Bxb8 {[%emt 0:00:18]} Rxb8 {[%emt 0:00:48]} 20. Qf3 {[%emt 0:01:08]} Be6 {[%emt 0:04:43]} 21. a3 {[%emt 0:05:38]} a5 {[%emt 0:01:16]} 22. Kh1 {[%emt 0:02:52]} Nd5 {[%emt 0:01:59] [#]} (22... Qd6 $11) 23. Nf5 $1 {[%emt 0:04:32]} Bf6 {[%emt 0:08:13]} ({Avoid the trap} 23... gxf5 $2 24. gxf5 Bc8 25. Qxd5 $18) 24. Ne3 {[%emt 0:00:43]} Nxe3 {[%emt 0:01:35]} 25. Qxe3 {[%emt 0:00:02]} b4 {[%emt 0:00:52]} 26. axb4 {[%emt 0:03:02]} axb4 {[%emt 0:00:13]} 27. Ra4 {[%emt 0:01:41]} bxc3 {[%emt 0:00:28]} 28. bxc3 {[%emt 0:00:07]} Qb3 {[%emt 0:01:21]} 29. Rfa1 {[%emt 0:00:27]} Kg7 $2 {[%emt 0:02:11]} (29... g5 $16 {is tougher.} 30. Be4 h6) 30. g5 {[%emt 0:00:40]} Bxg5 {[%emt 0:00:35]} 31. Qxg5 $18 {[%emt 0:00:08]} f6 {[%emt 0:00:41]} 32. Qe3 {[%emt 0:00:07]} 1-0

[Event "FRA-ch Youth U18 2018"]
[Site "Agen"]
[Date "2018.04.16"]
[Round "2"]
[White "Ferrari, Louis"]
[Black "Laurent-Paoli, Pierre"]
[Result "0-1"]
[WhiteElo "2018"]
[BlackElo "2355"]
[Annotator "TA"]
[PlyCount "110"]
[EventDate "2018.??.??"]
[EventType "swiss"]
[EventCountry "FRA"]
[SourceTitle "playchess.com"]
[Source "ChessBase"]
[SourceQuality "1"]

{[%evp 21,110,-19,0,-33,-31,-25,-9,-18,76,-15,-39,-65,0,0,-1,-66,0,-106,-89,-84,-82,-130,-131,-242,-240,-227,-87,-204,-190,-179,-137,-103,-17,-119,-18,0,-4,-2,-30,-11,-19,-188,-142,-290,-290,-290,-207,-207,-145,-156,-146,-217,-217,-210,-210,-210,-210,-210,-194,-183,-142,-142,-142,-147,-147,-150,0,-112,-112,-678,-678,-1719,-1719,-1712,-1704,-1704,-1689,-1534,-1592,-1704,-1682,-1682,-1675,-1618,-1537,-1368,-1250,-1368,-1183,-29993,-29994]} 1. Nf3 g6 2. c4 Bg7 3. g3 e5 4. Nc3 d6 5. Bg2 Ne7 6. d4 Nd7 7. O-O O-O 8. e4 exd4 9. Nxd4 Nc6 10. Nxc6 bxc6 11. f4 {A42: Modern Defence: Averbakh Variation} Ba6 {LiveBook: 3 Games} 12. Re1 Bxc4 13. Qa4 {Black is slightly better.} Bb5 $146 (13... Be6 {looks sharper.} 14. Qxc6 Rb8 15. Qa4 Nc5 16. Qc2 f5) ({Predecessor:} 13... Be6 14. Qxc6 Nc5 15. Qb5 Rb8 16. Qe2 Bc8 17. Be3 Ba6 18. Qd2 Nd3 {½-½ (39) Makarov,M (2515)-Todorcevic,M (2465) Cetinje 1993}) 14. Nxb5 Nc5 (14... cxb5 $11 15. Qc2 c5) 15. Qa5 (15. Qc2 $16 cxb5 16. e5) 15... cxb5 $11 16. e5 {[#]} c6 (16... dxe5 $1 $15 {[%mdl 512]} 17. Bxa8 (17. fxe5 Nd3) 17... Qxa8 18. Qxb5 Ne6) 17. Qc3 $1 Rc8 18. Bh3 ({Better is} 18. Rd1 $1 $11) 18... f5 (18... Ne6 $15) 19. Qd4 (19. exf6 $11 {keeps the balance.} Bxf6 20. Qc2) 19... Ne4 20. Rxe4 fxe4 21. Bxc8 Qxc8 22. Qxd6 (22. Qxe4 $17 {is a better defense.} dxe5 23. fxe5) 22... Rd8 $19 23. Qb4 Bf8 (23... Rd1+ $19 {and Black stays clearly on top.} 24. Kg2 Qd8 25. Qxe4 Rxc1 $1 {[%mdl 512]} 26. Rxc1 Qd2+ 27. Kh3 Qxc1) 24. Qxe4 (24. Qe1 $17 {might work better.}) 24... Rd1+ 25. Kg2 Qe6 26. Qf3 Re1 (26... Qd7 $1 $17 {White must now prevent ...Rxc1!} 27. e6 Qd4) 27. Qb3 {[#]} (27. Kf2 $1 $11 {remains equal.} Bb4 28. Qd3) 27... Kf7 (27... Qxb3 $1 $17 28. axb3 Bc5) 28. Kf2 $11 Qxb3 29. axb3 {[%mdl 4096] Endgame KRB-KRB} Bb4 30. Rxa7+ Ke6 31. Ra1 $2 ({Not} 31. Be3 $2 Rxe3 32. Kxe3 (32. f5+ $2 gxf5 33. Ra6 Rxb3 $19) 32... Bc5+ 33. Kf3 Bxa7 $19) (31. Rxh7 $11 {and White is okay.} Rxc1 32. Kf3) 31... Bd2 32. Bxd2 (32. Ra7 $17 Rxc1 33. Rxh7) 32... Rxa1 $17 {KR-KB} 33. b4 Kd5 34. Bc3 Ke4 {[%mdl 1024] Black has strong compensation.} 35. Ke2 h5 36. h4 (36. e6 $17) 36... Ra8 37. Kf2 Rc8 38. Ke2 Re8 39. Bd2 Rd8 40. Bc3 Rc8 41. Bd2 Kf5 42. Be3 Rd8 43. Bd2 Ke4 44. Bc3 $1 Rd5 45. e6 $2 {[%mdl 8192] [#]} (45. Bd2 $17) 45... Rd6 $1 $19 {[%cal Rd6e6]} 46. Kf2 {intending e7.} Rxe6 47. Ke2 Re8 48. Bd2 Ra8 49. Bc3 Ra1 50. Bd2 Rb1 51. Bc3 Rg1 52. Kf2 Rc1 53. Kg2 Rc2+ 54. Kh3 Kf3 55. Be1 Rc1 {Precision: White = 22%, Black = 45%.} 0-1

[Event "FRA-ch Youth U18 2018"]
[Site "Agen"]
[Date "2018.04.16"]
[Round "2"]
[White "Pham, Arthur"]
[Black "O'Sullivan, Thomas"]
[Result "0-1"]
[WhiteElo "1978"]
[BlackElo "2291"]
[Annotator "TA"]
[PlyCount "40"]
[EventDate "2018.??.??"]
[EventType "swiss"]
[EventCountry "FRA"]
[SourceTitle "playchess.com"]
[Source "ChessBase"]
[SourceQuality "1"]

{[%evp 14,40,-8,-12,30,-26,0,-6,10,-79,-79,-70,-72,-88,-77,-145,-157,-140,-142,-180,-127,-224,-151,-227,-221,-222,-225,-314,-319]} 1. e4 c5 2. Nf3 e6 3. c3 Nf6 {[%cal Bg8f6,Bf6d7,Bd7c5][%mdl 32]} 4. Bd3 d5 5. e5 Nfd7 6. O-O {B40: Sicilian: 2...e6, Unusual lines} Nc6 7. Qe2 (7. Bb5 a6 8. Bxc6 bxc6 9. d3 Be7 10. Re1 O-O 11. c4 f6 12. exf6 Bxf6 13. Nc3 {1-0 (37) Rapport,R (2715)-Lenderman,A (2600) Reykjavik 2018}) 7... c4 8. Bc2 {LiveBook: 4 Games. The position is equal.} g5 {[%cal Bg7g5,Bg5g4][%mdl 32]} 9. Ba4 $146 (9. b3 $142) ({Predecessor:} 9. d4 cxd3 10. Bxd3 g4 {½-½ (52) Gajcin,J (1870)-Nestorovic,K (1792) Knic 2015}) 9... Nc5 10. Bc2 $1 Bg7 11. Qe3 (11. b3 $11 {remains equal.}) 11... g4 $17 12. Ne1 d4 13. cxd4 Qxd4 14. Bd1 (14. Na3 $142) 14... Qxe3 15. fxe3 Nxe5 16. Be2 Bd7 (16... b5 $19 {And now ...b4 would win.} 17. Nc3 b4) 17. Rf4 (17. Nc3 $17) 17... h5 18. Nc3 (18. Bxc4 $17 {was called for.} Bh6 19. d4 Nxc4 20. dxc5 Bxf4 21. exf4) 18... b5 $19 19. b4 Ng6 20. Rf1 Na4 {Precision: White = 15%, Black = 70%.} 0-1

[Event "FRA-ch Youth U18 2018"]
[Site "Agen"]
[Date "2018.04.16"]
[Round "2"]
[White "Salvador, Lucie"]
[Black "Georget, Laureline"]
[Result "1-0"]
[WhiteElo "1955"]
[BlackElo "1670"]
[Annotator "NA RC"]
[PlyCount "116"]
[EventDate "2018.??.??"]
[EventType "swiss"]
[EventCountry "FRA"]
[SourceTitle "playchess.com"]
[Source "ChessBase"]
[SourceQuality "1"]
[TimeControl "5400+30"]

{[%evp 14,113,-7,-18,0,1,32767,32767,32767,32767,32767,93,32767,70,74,33,50,46,37,25,54,40,31,25,32767,32767,32767,32767,32767,38,32767,51,32767,32767,32767,54,32767,32767,96,97,104,100,142,129,109,117,151,148,32767,32767,32767,32767,32767,32767,32767,143,32767,32767,146,153,229,168,32767,103,206,132,131,145,202,0,393,32767,597,570,502,562,546,32767,32767,345,431,463,405,187,428,280,293,273,417,11,20,16,391,224,193,227,406,99,108,113,114,0]} 1. d4 {[%emt 0:00:00]} d5 {[%emt 0:00:05]} 2. Nf3 {[%emt 0:00:00]} Nf6 {[%emt 0:00:14]} 3. g3 {[%emt 0:00:00]} e6 {[%emt 0:00:14]} 4. Bg2 {[%emt 0:00:00]} c5 {[%emt 0:00:55]} 5. dxc5 {[%emt 0:09:54]} Bxc5 {[%emt 0:00:35]} 6. O-O {[%emt 0:00:36] D02: 1 d4 d5 2 Nf3 sidelines, including 2...Nf6 3 g3 and 2...Nf6 3 Bf4} O-O {[%emt 0:00:48]} 7. c4 {[%emt 0:04:10]} dxc4 {[%emt 0:19:43]} 8. Qa4 {[%emt 0:08:05]} Nc6 {[%emt 0:09:37] LiveBook: 47 Games} 9. Qxc4 {[%emt 0:02:25]} Bd6 $146 {[%emt 0:09:40]} ({Predecessor:} 9... Be7 10. Nc3 Bd7 11. Rd1 Rc8 12. Bg5 h6 13. Bxf6 Bxf6 14. Qd3 Qb6 15. Ne4 Be7 16. Nd6 Rcd8 17. Qb3 Qc7 18. Nb5 Qb8 19. Nbd4 Bf6 {½-½ (38) Bu,X (2710)-Lu,S (2615) Taizhou 2015}) 10. Nc3 {[%emt 0:05:45]} a6 {[%emt 0:02:32]} 11. Rd1 {[%emt 0:05:19]} Qc7 {[%emt 0:01:14]} 12. Bg5 {[%emt 0:03:15]} Ne5 {[%emt 0:20:19]} 13. Qh4 {[%emt 0:07:22]} Ng6 {[%emt 0:01:19]} 14. Qa4 {[%emt 0:03:34]} Bd7 {[%emt 0:04:28]} 15. Qb3 {[%emt 0:01:42]} Bc6 {[%emt 0:02:28]} 16. Rac1 {[%emt 0:03:45]} Rac8 {[%emt 0:01:49]} 17. Bxf6 {[%emt 0:04:58]} gxf6 {[%emt 0:00:11]} 18. Ne4 {[%emt 0:02:13]} Be7 {[%emt 0:02:20]} 19. Nd4 {[%emt 0:01:50]} Qe5 {[%emt 0:08:49]} 20. Nxc6 {[%emt 0:02:15]} bxc6 {[%emt 0:00:31]} 21. Qc3 {[%emt 0:02:39]} c5 {[%emt 0:06:45]} 22. Rd7 {[%emt 0:04:07]} Qxc3 {[%emt 0:01:34]} 23. Rxc3 {[%emt 0:00:20]} f5 {[%emt 0:01:46]} 24. Nd2 {[%emt 0:04:39]} Bf6 {[%emt 0:02:05]} 25. Rc2 {[%emt 0:01:56]} Rb8 {[%emt 0:01:36]} 26. b3 {[%emt 0:00:46]} ({And not} 26. Rxc5 Rxb2 27. a3 Ne5 $17) 26... Rfd8 {[%emt 0:00:57]} 27. Rc7 {[%emt 0:03:15]} Be7 {[%emt 0:00:31]} 28. h4 {[%emt 0:01:15]} Bf8 {[%emt 0:00:22]} 29. Ra7 {[%emt 0:00:58]} Rd6 {[%emt 0:00:44]} 30. Nc4 {[%emt 0:00:45]} Rd1+ {[%emt 0:00:05]} 31. Kh2 {[%emt 0:00:17]} f4 {[%emt 0:00:47]} 32. Rxa6 {[%emt 0:01:55]} fxg3+ {[%emt 0:00:52]} 33. fxg3 {[%emt 0:00:03]} Re1 {[%emt 0:00:24]} 34. Ra8 {[%emt 0:03:38]} Rxa8 {[%emt 0:00:30]} 35. Bxa8 {[%emt 0:00:02]} Ne7 {[%emt 0:00:34]} 36. a4 {[%emt 0:01:03]} Nf5 {[%emt 0:00:21]} (36... Rb1 $16) 37. e4 {[%emt 0:02:05]} Nd4 {[%emt 0:00:15]} 38. Rb2 {[%emt 0:00:47]} Be7 {[%emt 0:00:25]} (38... Ra1 $16) 39. a5 {[%emt 0:00:46]} Ra1 {[%emt 0:00:27]} 40. Bb7 {[%emt 0:00:31]} Nb5 {[%emt 0:00:31]} 41. Bc6 $2 {[%emt 0:01:14]} ({White should try} 41. e5 $18) 41... Nd4 $2 {[%emt 0:00:49]} (41... Nd6 $1 $11 {and Black has nothing to worry.}) 42. Ba4 {[%emt 0:01:25]} Nf3+ {[%emt 0:00:37]} 43. Kg2 {[%emt 0:01:36]} Ne1+ {[%emt 0:00:13]} 44. Kh3 {[%emt 0:00:17]} Nd3 {[%emt 0:00:40]} 45. Rd2 {[%emt 0:00:16]} Nb4 {[%emt 0:00:12]} 46. Rd7 {[%emt 0:01:12]} Bf6 {[%emt 0:00:18]} 47. e5 {[%emt 0:00:14]} Bg7 {[%emt 0:00:27]} 48. Rd8+ {[%emt 0:02:00]} Bf8 {[%emt 0:00:08]} 49. Nb6 {[%emt 0:00:37]} Kg7 {[%emt 0:00:15]} 50. Nd7 {[%emt 0:01:16]} c4 {[%emt 0:00:34]} 51. Rc8 $2 {[%emt 0:01:23]} ({Weaker is} 51. Nxf8 c3 $18) (51. Rxf8 $18 cxb3 52. Bxb3) 51... cxb3 {[%emt 0:00:49]} 52. Bxb3 {[%emt 0:00:09]} Ra3 $2 {[%emt 0:00:58]} (52... Be7 $11) 53. Bc4 {[%emt 0:00:40]} ({Weaker is} 53. Nxf8 Rxb3 54. Nxh7 Kxh7 $16) (53. Rxf8 $142 Rxa5 54. Rc8) 53... Be7 {[%emt 0:00:43]} 54. Re8 {[%emt 0:00:33]} Rc3 $2 {[%emt 0:00:26]} (54... Nc6) 55. Bb5 $2 {[%emt 0:00:25]} ({Weaker is} 55. Rxe7 Rxc4 56. Re8 Nc6 $16) (55. a6 $18 {and White stays clearly on top.} Nc6 {[#]} 56. Bxe6 $1 {[%mdl 512]} fxe6 57. a7 $1 {[%mdl 512]}) 55... Nd5 {[%emt 0:00:18] [#]} 56. a6 $1 {[%emt 0:00:19]} Ra3 {[%emt 0:01:09]} 57. Bc6 $11 {[%emt 0:01:56]} (57. Rb8 $16) 57... Bb4 58. Bxd5 exd5 1-0

[Event "FRA-ch Youth U18 2018"]
[Site "Agen"]
[Date "2018.04.16"]
[Round "2"]
[White "Joly, Audrey"]
[Black "Rollot, Florence"]
[Result "0-1"]
[WhiteElo "1686"]
[BlackElo "2042"]
[Annotator "NA RC"]
[PlyCount "88"]
[EventDate "2018.??.??"]
[EventType "swiss"]
[EventCountry "FRA"]
[SourceTitle "playchess.com"]
[Source "ChessBase"]
[SourceQuality "1"]
[TimeControl "5400+30"]

{[%evp 14,88,33,4,0,-10,54,11,6,32767,32767,32767,32767,-24,32767,10,11,32767,16,32767,0,0,0,-43,17,0,0,7,32767,32767,102,21,32767,32767,32767,0,32767,32767,32767,32767,20,6,19,32767,32767,16,32767,18,22,0,0,0,15,-317,-284,-339,-350,-346,-361,-341,-348,-352,32767,32767,-393,-409,-389,-405,32767,-412,-444,-412,-470,-507,-460,-489,-583]} 1. e4 {[%emt 0:00:00]} d5 {[%emt 0:00:07]} 2. exd5 {[%emt 0:00:00]} Qxd5 {[%emt 0:00:07]} 3. Nc3 {[%emt 0:00:00]} Qa5 {[%emt 0:00:05]} 4. Bc4 {[%emt 0:00:06]} Nf6 {[%emt 0:01:00]} 5. d3 {[%emt 0:00:44]} Bg4 {[%emt 0:06:01]} 6. f3 {[%emt 0:04:13]} Bf5 {[%emt 0:01:40]} 7. Bd2 {[%emt 0:02:33] B01: Scandinavian Defence} Qb6 {[%emt 0:06:38]} 8. Bb3 {[%emt 0:06:14]} (8. Qe2 Nc6 9. O-O-O Nd4 10. Qe3 c5 11. g4 Bg6 12. Nh3 e6 13. Nf4 Bd6 14. h4 Bxf4 15. Qxf4 {½-½ (67) Tari,A (2593)-Blomqvist,E (2499) Stockholm 2017}) 8... e6 {[%emt 0:05:16]} 9. Qe2 $146 {[%emt 0:03:55]} ({Predecessor:} 9. g4 Bg6 10. h4 h6 11. Qe2 Nbd7 12. O-O-O O-O-O 13. h5 Bh7 14. Be3 Qa5 {0-1 (53) York Andersen,A (1808)-McKerracher,D (1972) London 2015}) 9... Bb4 {[%emt 0:04:24]} 10. O-O-O {[%emt 0:04:21]} Nc6 {[%emt 0:04:30]} 11. Na4 {[%emt 0:11:38]} Qb5 {[%emt 0:09:25]} 12. Bxb4 {[%emt 0:02:48]} Qxb4 {[%emt 0:01:18]} 13. Qd2 {[%emt 0:01:52]} Qd6 {[%emt 0:02:36]} 14. Ne2 {[%emt 0:03:05]} O-O-O {[%emt 0:02:37]} 15. Nac3 {[%emt 0:09:28]} Bg6 {[%emt 0:07:13]} 16. Qe3 {[%emt 0:03:59]} a6 {[%emt 0:02:55]} 17. Ne4 {[%emt 0:05:47]} Qe5 {[%emt 0:03:23]} 18. Qf4 {[%emt 0:01:49]} Nd5 {[%emt 0:03:47]} 19. Qxe5 {[%emt 0:03:10]} Nxe5 {[%emt 0:00:03]} 20. Bxd5 {[%emt 0:00:36]} exd5 {[%emt 0:03:40]} 21. N4g3 {[%emt 0:02:19]} d4 {[%emt 0:01:32] [#]} (21... h6 $11) 22. Nf4 {[%emt 0:01:14]} ({White should play} 22. f4 $1 $16) 22... Nc6 {[%emt 0:01:57]} 23. a3 {[%emt 0:01:39]} b5 {[%emt 0:07:39]} 24. Nxg6 {[%emt 0:03:42]} hxg6 {[%emt 0:00:26]} 25. h3 {[%emt 0:00:51]} b4 {[%emt 0:01:43]} 26. axb4 {[%emt 0:04:07]} Nxb4 {[%emt 0:00:11]} 27. Ne4 {[%emt 0:01:10]} Rh5 {[%emt 0:01:05]} 28. Kd2 {[%emt 0:01:18]} Rb5 {[%emt 0:01:44]} 29. Ra1 {[%emt 0:02:31]} Kb7 {[%emt 0:00:26]} 30. Ra4 {[%emt 0:01:23]} Kb6 {[%emt 0:02:56]} 31. Rha1 {[%emt 0:01:54]} a5 {[%emt 0:01:17]} 32. Re1 {[%emt 0:05:41]} Rdd5 {[%emt 0:02:32]} 33. c4 $2 {[%emt 0:03:27]} (33. Rc1 $11) 33... dxc3+ $1 {[%emt 0:00:16]} 34. bxc3 {[%emt 0:00:40]} Nxd3 {[%emt 0:00:57]} 35. c4 {[%emt 0:00:25]} Nxe1+ {[%emt 0:01:37]} 36. cxd5 {[%emt 0:00:46]} Nxg2 {[%emt 0:00:17]} 37. Nc3 {[%emt 0:00:35]} Rb2+ {[%emt 0:01:06]} 38. Kd3 {[%emt 0:01:04]} Ne1+ {[%emt 0:00:55]} 39. Ke3 {[%emt 0:01:27]} Nc2+ {[%emt 0:01:17]} 40. Kd3 {[%emt 0:00:56]} Nb4+ {[%emt 0:00:06]} 41. Ke4 {[%emt 0:00:42]} Rh2 {[%emt 0:00:32]} 42. Ra1 {[%emt 0:00:59]} Rxh3 {[%emt 0:00:31]} 43. Rd1 {[%emt 0:00:59]} f5+ {[%emt 0:01:34]} 44. Ke3 {[%emt 0:00:43]} g5 $19 {[%emt 0:00:50]} 0-1

[Event "FRA-ch Youth U18 2018"]
[Site "Agen"]
[Date "2018.04.16"]
[Round "2"]
[White "Tourneur, Cloe"]
[Black "Belluire, Beatrice"]
[Result "0-1"]
[WhiteElo "1638"]
[BlackElo "1818"]
[Annotator "NA RC"]
[PlyCount "48"]
[EventDate "2018.??.??"]
[EventType "swiss"]
[EventCountry "FRA"]
[SourceTitle "playchess.com"]
[Source "ChessBase"]
[SourceQuality "1"]
[TimeControl "5400+30"]

1. e4 {[%emt 0:00:00]} c5 {[%emt 0:00:00]} 2. Nc3 {[%emt 0:00:00]} a6 {[%emt 0:00:01]} 3. f4 {[%emt 0:00:00]} e6 {[%emt 0:00:24]} 4. Nf3 {[%emt 0:00:00]} b5 {[%emt 0:00:21]} 5. g3 {[%emt 0:00:49]} Bb7 {[%emt 0:00:17]} 6. d3 {[%emt 0:00:28]} Nf6 {[%emt 0:07:41]} 7. Bg2 {[%emt 0:03:40]} d5 {[%emt 0:03:18]} 8. e5 {[%emt 0:06:03]} Nfd7 {[%emt 0:05:40]} 9. O-O {[%emt 0:02:02]} Be7 {[%emt 0:00:40]} 10. Qe2 {[%emt 0:03:44]} O-O {[%emt 0:05:48]} 11. f5 {[%emt 0:04:22]} exf5 {[%emt 0:18:20]} 12. e6 {[%emt 0:01:47]} Nb6 {[%emt 0:03:00]} 13. exf7+ {[%emt 0:07:43]} Rxf7 {[%emt 0:02:25]} 14. Ne5 {[%emt 0:10:15]} ({White should play} 14. Ng5 $1 $11 Bxg5 15. Bxg5) 14... Rf8 {[%emt 0:08:19]} 15. Bh3 {[%emt 0:03:38]} (15. a4 $15) 15... d4 {[%emt 0:01:56]} 16. Ne4 {[%emt 0:16:11]} Qd5 $16 {[%emt 0:05:07]} ({Not} 16... fxe4 $2 17. Be6+ Kh8 18. Rxf8+ Qxf8 19. Qh5 $18) (16... N8d7 $19 17. Nxd7 Qxd7) 17. Nf2 {[%emt 0:11:35]} Bd6 {[%emt 0:03:07]} 18. Re1 {[%emt 0:03:37]} Re8 {[%emt 0:00:57]} 19. Bf4 {[%emt 0:00:51]} Bxe5 {[%emt 0:05:27]} 20. Bxe5 {[%emt 0:01:25]} N8d7 {[%emt 0:00:07]} 21. Qh5 {[%emt 0:09:26]} Nxe5 {[%emt 0:01:50]} 22. Kf1 {[%emt 0:01:07]} g6 {[%emt 0:00:24]} 23. Qd1 {[%emt 0:02:00]} Nf3 {[%emt 0:00:27]} 24. Rxe8+ {[%emt 0:00:45]} Rxe8 {[%emt 0:00:05]} 0-1

[Event "FRA-ch Youth U18 2018"]
[Site "Agen"]
[Date "2018.04.16"]
[Round "3"]
[White "Laurent-Paoli, Pierre"]
[Black "Bressy, Theo"]
[Result "1-0"]
[WhiteElo "2355"]
[BlackElo "2116"]
[Annotator "TA"]
[PlyCount "75"]
[EventDate "2018.??.??"]
[EventType "swiss"]
[EventCountry "FRA"]
[SourceTitle "playchess.com"]
[Source "ChessBase"]
[SourceQuality "1"]

{[%evp 11,75,61,70,49,75,69,59,54,63,58,78,59,129,127,134,137,189,189,201,193,210,185,202,160,175,160,200,215,196,185,266,260,663,653,598,546,694,671,784,780,698,643,664,569,640,642,714,629,697,593,839,745,973,1066,1249,732,697,700,1026,1008,29985,29986,29986,29987,3140,1917]} 1. Nf3 g6 2. d4 Bg7 3. c4 d6 4. Nc3 Nd7 5. e4 b6 (5... e5 6. Be2 Ne7 7. O-O O-O 8. Re1 h6 9. Bf1 exd4 10. Nxd4 Nc6 11. Be3 Nde5 12. f3 Nxd4 13. Bxd4 Be6 14. Nd5 c5 15. Bc3 Nc6 16. Bxg7 Kxg7 {1-0 (42) Le,Q (2718)-Svidler,P (2759) Almaty 2016}) 6. Be2 {A42: Modern Defence: Averbakh Variation} Bb7 {LiveBook: 4 Games} 7. Be3 h6 8. Qc2 {White is better.} e6 9. Rd1 $146 ({Predecessor:} 9. O-O Ne7 10. d5 O-O 11. b4 c5 12. a3 exd5 13. exd5 {1-0 (35) Berthier,H (2208)-Heimrath,R (2280) Pardubice 2013}) 9... Ne7 10. d5 e5 11. g4 f6 (11... Nf6 $14) 12. h4 $16 h5 13. gxh5 gxh5 (13... Rxh5 $16 14. Nd2 Rh7) 14. Rg1 $18 Kf7 15. Kd2 {[%cal Be1d2,Bd2c1,Bc1b1][%mdl 32]} Nf8 16. Kc1 Nfg6 17. Rg2 Bh6 18. Rdg1 Nf4 19. Bxf4 Bxf4+ 20. Kb1 Rh7 (20... Bc8 $142) 21. Ne1 Qf8 $2 {[#]} (21... Bc8 22. Nd3 Qh8 23. Nxf4 exf4) 22. Nb5 Rc8 23. Nxa7 Rd8 24. Nb5 {[%cal Ba7b5,Bb5c3,Bc3e2][%mdl 32]} Rd7 25. Nd3 Qh6 26. Qd1 c6 27. Nc3 cxd5 28. cxd5 f5 29. Bf3 Kf8 30. Qa4 Rd8 31. Ne2 Bd2 32. Qa7 Bc8 33. Qxb6 Rd7 34. exf5 Qf6 {[#]} 35. Nc5 $1 Qxh4 (35... dxc5 36. Qxf6+) 36. Nxd7+ Bxd7 37. Qd8+ Be8 38. Rg8+ {Precision: White = 76%, Black = 39%.} 1-0